[Event " PANAMERICANO SUB20 Femenino "COLOMBIA 2016" Guatapé (Antioquia) Junio 19 al 2"]
[Site "Guatape-Colombia"]
[Date "2016.06.22"]
[Round "5"]
[Board "8"]
[White "Cespedes Galindo, Estefania"]
[Black "Norena Yepez, Vanessa"]
[Result "0-1"]
[WhiteElo "1713"]
[BlackElo "1567"]
[PlyCount "0"]
[EventDate "2016.06.20"]
[EventRounds "9"]
[EventCountry "COL"]

1. d4 Nf6 2. c4 g6 3. Nc3 Bg7 4. e4 d6 5. f3 O-O 6. Be3 Nc6 7. Nge2 e5 8. d5
Ne7 9. g4 Nd7 10. Qd2 f5 11. gxf5 gxf5 12. Bh6 Ng6 13. O-O-O fxe4 14. Nxe4 Rxf3
15. Bxg7 Kxg7 16. Ng5 Rf6 17. Ne6+ Rxe6 18. dxe6 Nc5 19. Ng3 Bxe6 20. Nh5+ Kh8
21. Qh6 Qf8 22. Qe3 Bg4 23. Be2 Bxe2 24. Qxe2 Nf4 25. Nxf4 Qxf4+ 26. Kb1 Rg8
27. Rhf1 Qh6 28. Rg1 Rg6 29. Qf3 Rf6 30. Qg4 Qf8 31. Qg2 Rf2 32. Rdf1 Qf5+  0-1

[Event " PANAMERICANO SUB20 Femenino "COLOMBIA 2016" Guatapé (Antioquia) Junio 19 al 2"]
[Site "Guatape-Colombia"]
[Date "2016.06.22"]
[Round "5"]
[Board "9"]
[White "Becerra Fonseca, Camila"]
[Black "Viveros, Erica Johana"]
[Result "0-1"]
[WhiteElo "1325"]
[BlackElo "1855"]
[PlyCount "30"]
[EventDate "2016.06.20"]
[EventRounds "9"]
[EventCountry "COL"]

1. e4 c5 2. c3 d6 3. Nf3 Bd7 4. d4 cxd4 5. cxd4 e6 6. Nc3 Ne7 7. Bd3 g6 8. O-O
Bg7 9. Bf4 Bc6 10. Re1 O-O 11. e5 dxe5 12. Nxe5 Qb6 13. Nxc6 Nbxc6 14. d5 Nxd5
15. Nxd5 exd5  0-1

[Event " PANAMERICANO SUB20 Femenino "COLOMBIA 2016" Guatapé (Antioquia) Junio 19 al 2"]
[Site "Guatape-Colombia"]
[Date "2016.06.23"]
[Round "6"]
[Board "1"]
[White "Monroy G., Nataly A."]
[Black "Roca Rojas, Ana Flavia"]
[Result "1/2-1/2"]
[WhiteElo "1999"]
[BlackElo "2177"]
[PlyCount "0"]
[EventDate "2016.06.20"]
[EventRounds "9"]
[EventCountry "COL"]

1. d4 Nf6 2. c4 g6 3. Nc3 d5 4. cxd5 Nxd5 5. Bd2 Nb6 6. Bg5 Bg7 7. e3 O-O 8.
Nf3 Nc6 9. Be2 Be6 10. O-O h6 11. Bh4 f5 12. Qd2 Bf7 13. Rfd1 Nd5 14. Rac1 g5
15. Bg3 e6 16. Nxd5 exd5 17. Bb5 Be8 18. Bxc6 Bxc6 19. Be5 g4 20. Bxg7 Kxg7 21.
Ne5 Rf6 22. Rc2 Be8 23. Rdc1 c6 24. b4 a6 25. a4 Qb6 26. Qc3 h5 27. g3 Rd8 28.
Qc5 Qc7 29. b5 b6 30. Qc3 axb5 31. axb5 c5 32. dxc5 bxc5 33. Nd3 c4 34. Nf4 Qb6
35. Rd2 Bf7 36. Qe5 Qc5 37. b6 Qd6 38. Qxd6 Rfxd6 39. b7 Rb6 40. Rxc4 dxc4 41.
Rxd8 Rxb7 42. Rd1 Kf6 43. Ne2 Ke5 44. Kf1 Bd5 45. Nc3 Bf3 46. Rd4 Ra7 47. Ke1
Ra1+ 48. Kd2 Rf1 49. Rxc4 Rxf2+ 50. Kd3 Rxh2 51. Rc5+ Ke6 52. e4 h4 53. exf5+
Kf6 54. gxh4 g3 55. Ne4+ Bxe4+ 56. Kxe4 {Ke5+}  1/2-1/2

[Event " PANAMERICANO SUB20 Femenino "COLOMBIA 2016" Guatapé (Antioquia) Junio 19 al 2"]
[Site "Guatape-Colombia"]
[Date "2016.06.23"]
[Round "6"]
[Board "2"]
[White "Loaiza, Yurani"]
[Black "Fuentes Godoy, Lilia Ivonne"]
[Result "0-1"]
[WhiteElo "1962"]
[BlackElo "2094"]
[PlyCount "0"]
[EventDate "2016.06.20"]
[EventRounds "9"]
[EventCountry "COL"]

1. d4 d5 2. c4 e6 3. Nf3 c6 4. Qc2 Bd6 5. Bg5 f6 6. Bh4 Ne7 7. Bg3 Nf5 8. Bxd6
Nxd6 9. Nbd2 f5 10. e3 Ne4 11. Bd3 O-O 12. Ne5 Nd7 13. Ndf3 Qa5+ 14. Nd2 Nxe5
15. dxe5 Rd8 16. Bxe4 dxe4 17. Qc3 Qxc3 18. bxc3 Rd3 19. Rc1 b6 20. Ke2 Ba6 21.
f3 Rad8 22. Rc2 f4 23. exf4 e3 24. Ne4 Bxc4 25. Rhc1 Rd2+ 26. Ke1 Rxc2 27. Rxc2
Rd5 28. Rc1 Bxa2 29. Ke2 Bc4+ 30. Kxe3 Rd3+ 31. Kf2 a5 32. Nd6 Rd2+ 33. Ke1
Re2+ 34. Kf1 Rc2+ 35. Nxc4 Rxc1+ 36. Kf2 a4 37. Ke2 Rxc3  0-1

[Event " PANAMERICANO SUB20 Femenino "COLOMBIA 2016" Guatapé (Antioquia) Junio 19 al 2"]
[Site "Guatape-Colombia"]
[Date "2016.06.23"]
[Round "6"]
[Board "3"]
[White "Brizzi, Milagros Tatiana"]
[Black "Eswaran, Ashritha"]
[Result "1-0"]
[WhiteElo "1990"]
[BlackElo "2261"]
[PlyCount "0"]
[EventDate "2016.06.20"]
[EventRounds "9"]
[EventCountry "COL"]

1. e4 Nf6 2. Nc3 d5 3. e5 Nfd7 4. d4 e6 5. f4 c5 6. Nf3 a6 7. Be3 Nc6 8. Qd2 b5
9. a3 Qb6 10. Qf2 Bb7 11. Bd3 cxd4 12. Nxd4 Bc5 13. Nce2 Nxd4 14. Nxd4 h5 15.
b4 Bxd4 16. Bxd4 Qc7 17. O-O f5 18. a4 Kf7 19. axb5 axb5 20. Bxb5 Bc6 21. Bd3
Rhb8 22. Rxa8 Bxa8 23. b5 Bb7 24. Ra1 Ra8 25. Rxa8 Bxa8 26. Qh4 g6 27. Qg5 Qc8
28. Qh6 Qf8 29. Qg5 Qe7 30. Qh6 Qf8 31. Qh7+ Qg7 32. Qxg7+ Kxg7 33. Kf2 Kf7 34.
Kg3 Bb7 35. c3 Ba8 36. Bc2 Bb7 37. h3 Ke7 38. Kh4 Kf7 39. Kg5 Bc8 40. g4 hxg4
41. hxg4 Bb7 42. Bd1 Kg7 43. Bf3 Bc8 44. Bxd5 exd5 45. e6+ Kf8 46. exd7 Bxd7
47. b6 Bc8 48. Kxg6 fxg4 49. f5 Ba6 50. Kf6 Bc8 51. Bc5+ Kg8 52. Ke7  1-0

[Event " PANAMERICANO SUB20 Femenino "COLOMBIA 2016" Guatapé (Antioquia) Junio 19 al 2"]
[Site "Guatape-Colombia"]
[Date "2016.06.23"]
[Round "6"]
[Board "4"]
[White "Argote Heredia, Valentina"]
[Black "Toro Castaneda, Elizabeht"]
[Result "1-0"]
[WhiteElo "2039"]
[BlackElo "1792"]
[PlyCount "0"]
[EventDate "2016.06.20"]
[EventRounds "9"]
[EventCountry "COL"]

1. e4 c5 2. Nf3 d6 3. d4 cxd4 4. Nxd4 Nf6 5. Nc3 Nc6 6. Bg5 e5 7. Nde2 Be7 8.
Bxf6 Bxf6 9. Nd5 Bg5 10. Nec3 O-O 11. Bd3 a6 12. a4 Be6 13. O-O Ne7 14. Be2 Ng6
15. Bg4 Nf4 16. Nxf4 Bxf4 17. g3 Bg5 18. Nd5 Bxd5 19. Qxd5 Qb6 20. b3 Rad8 21.
h4 Be7 22. Rac1 g6 23. a5 Qc7 24. Kg2 Kg7 25. Be2 Rc8 26. Bc4 Qd7 27. f4 Rc5
28. Qd2 Qc7 29. f5 Qxa5 30. b4 Qc7 31. bxc5 Qxc5 32. Bd5 b5 33. fxg6 hxg6 34.
h5 gxh5 35. Rf5 h4 36. Qe2  1-0

[Event " PANAMERICANO SUB20 Femenino "COLOMBIA 2016" Guatapé (Antioquia) Junio 19 al 2"]
[Site "Guatape-Colombia"]
[Date "2016.06.23"]
[Round "6"]
[Board "5"]
[White "Salcedo, Jackeline"]
[Black "Norena Yepez, Vanessa"]
[Result "1-0"]
[WhiteElo "1995"]
[BlackElo "1567"]
[PlyCount "0"]
[EventDate "2016.06.20"]
[EventRounds "9"]
[EventCountry "COL"]

1. c4 Nf6 2. Nc3 g6 3. e4 d6 4. d4 Bg7 5. f3 O-O 6. Bg5 c5 7. d5 e6 8. Qd2 exd5
9. cxd5 a6 10. a4 Nbd7 11. Nh3 h6 12. Be3 Nh7 13. Nf2 h5 14. Be2 Ne5 15. O-O
Qe8 16. a5 Bd7 17. h3 f5 18. f4 Nf7 19. e5 dxe5 20. Bxc5 e4 21. Nfd1 Rd8 22.
Ne3 Bc8 23. Bxf8 Qxf8 24. Kh1 Nf6 25. Nc4 Be6 26. Nb6 Rd6 27. Rac1 Qd8 28. Qe1
Bd7 29. Nc4  1-0

[Event " PANAMERICANO SUB20 Femenino "COLOMBIA 2016" Guatapé (Antioquia) Junio 19 al 2"]
[Site "Guatape-Colombia"]
[Date "2016.06.23"]
[Round "6"]
[Board "6"]
[White "Rosales Murillo, Cristina"]
[Black "Sanchez Zambrano, Vanessa"]
[Result "1-0"]
[WhiteElo "1747"]
[BlackElo "1909"]
[PlyCount "0"]
[EventDate "2016.06.20"]
[EventRounds "9"]
[EventCountry "COL"]

1. e4 c5 2. Nf3 d6 3. d4 cxd4 4. Nxd4 Nf6 5. Nc3 a6 6. Bc4 e6 7. Bb3 b5 8. O-O
Be7 9. f4 Bb7 10. e5 Ne4 11. Nxe4 Bxe4 12. Be3 O-O 13. Qg4 Nc6 14. exd6 Qxd6
15. Rad1 Nxd4 16. Bxd4 g6 17. Qh3 Rfd8 18. c3 Rac8 19. Rfe1 Bd5 20. Re3 Bxb3
21. Qxh7+  1-0

[Event " PANAMERICANO SUB20 Femenino "COLOMBIA 2016" Guatapé (Antioquia) Junio 19 al 2"]
[Site "Guatape-Colombia"]
[Date "2016.06.23"]
[Round "6"]
[Board "7"]
[White "Velez Alvarez, Laura Camila"]
[Black "Varela, Maria De Los Angeles"]
[Result "0-1"]
[WhiteElo "1876"]
[BlackElo "1602"]
[PlyCount "0"]
[EventDate "2016.06.20"]
[EventRounds "9"]
[EventCountry "COL"]

1. e4 c5 2. Nf3 e6 3. d4 cxd4 4. Nxd4 a6 5. Nc3 Qc7 6. Be3 Nf6 7. f3 Bb4 8. Qd2
d5 9. Bd3 e5 10. Nde2 d4 11. Nxd4 exd4 12. Bxd4 Nbd7 13. a3 Ba5 14. Qg5 O-O 15.
b4 Bb6 16. Nd5 Qd6 17. Nxf6+ Nxf6 18. Bxf6 Qxf6 19. Qxf6 gxf6 20. c4 Bd4 21.
Ra2 Be6 22. Rc2 Rac8 23. Ke2 Rfe8 24. Kd2 Kg7 25. f4 Bd7 26. Rb1 f5 27. exf5
Ba4 28. Ra2 Be3+ 29. Ke2 Bxf4+ 30. Kf3 Re3+ 31. Kxf4 Rxd3 32. c5 Re8 33. g4 Bc6
34. b5 Re4+ 35. Kg5 f6+ 36. Kh4 Ree3 37. g5 fxg5+ 38. Kxg5 h6+ 39. Kh4 Re4+ 0- 0-1

[Event " PANAMERICANO SUB20 Femenino "COLOMBIA 2016" Guatapé (Antioquia) Junio 19 al 2"]
[Site "Guatape-Colombia"]
[Date "2016.06.23"]
[Round "6"]
[Board "8"]
[White "Viveros, Erica Johana"]
[Black "Cosme Contreras, Trilce"]
[Result "0-1"]
[WhiteElo "1855"]
[BlackElo "1768"]
[PlyCount "0"]
[EventDate "2016.06.20"]
[EventRounds "9"]
[EventCountry "COL"]

1. e4 c5 2. Nf3 d6 3. d4 cxd4 4. Nxd4 Nf6 5. Nc3 a6 6. g3 e6 7. Bg2 Qc7 8. O-O
Be7 9. Be3 Nbd7 10. f4 O-O 11. g4 Rb8 12. g5 Ne8 13. f5 Ne5 14. Kh1 b5 15. a3
Qd8 16. h4 Nc7 17. Bf4 Bd7 18. Qe2 f6 19. Rad1 Qe8 20. Bh3 fxg5 21. Bxg5 Bf6
22. fxe6 Nxe6 23. Bxf6 gxf6 24. Nf5 Nf7 25. Nxd6 Nxd6 26. Rxd6 Kh8 27. Nd5 Nd4
28. Qd3 Bxh3 29. Qxh3 Qxe4+ 30. Kh2 Qxc2+ 31. Qg2 Qxg2+ 32. Kxg2 Rbd8 33. Rxd8
Rxd8 34. Nxf6 Nb3 35. Rf2 Kg7 36. Ng4 Rd6 37. Ne3 Rf6 38. Rc2 Nd4 39. Rc7+ Kg6
40. h5+ Kxh5 41. Rxh7+ Kg6 42. Ra7 Rd6 43. Kf2 Kf6 44. Nf1 Ke5 45. Ne3 Ke4 46.
Nd1 Kd3 47. Re7 Kc2 48. Re1 Nf5 49. Nc3 Kxb2 50. Ne4 Rc6 51. Kf3 Kxa3 52. Kf4
Nd4 53. Rd1 Nb3 54. Rd3 a5 55. Ke5 a4 56. Kd5 Rc7 57. Nd6 Rc5+ 58. Ke6 b4 59.
Ne4 Rc2 60. Nd6 Kb2 61. Rd5 a3 62. Nf5 a2 63. Ne3 a1=Q 64. Nxc2 Kxc2 65. Kd6
Qf6+ 66. Kc7 Nd4 67. Rc5+ Kd3 68. Kb7 Qd6 69. Rc7 Ne6 70. Rc6 Nc5+ 71. Kb6 Qb8+
72. Kxc5 b3 73. Rb6 Qxb6+ 74. Kxb6 b2  0-1

[Event " PANAMERICANO SUB20 Femenino "COLOMBIA 2016" Guatapé (Antioquia) Junio 19 al 2"]
[Site "Guatape-Colombia"]
[Date "2016.06.23"]
[Round "6"]
[Board "10"]
[White "Velasquez, Angie Gabriela"]
[Black "Becerra Fonseca, Camila"]
[Result "1-0"]
[WhiteElo "1736"]
[BlackElo "1325"]
[PlyCount "107"]
[EventDate "2016.06.20"]
[EventRounds "9"]
[EventCountry "COL"]

1. e4 c5 2. Nf3 Nc6 3. d3 d6 4. g3 Nf6 5. Bg2 g6 6. O-O Bg7 7. c3 e5 8. h3 h5
9. h4 O-O 10. Na3 Bg4 11. Be3 Qd7 12. Nc2 Bh3 13. Qe2 Bxg2 14. Kxg2 d5 15. Bxc5
Rfe8 16. Rad1 dxe4 17. dxe4 Qg4 18. Rfe1 Nd8 19. Ng1 Qc8 20. Ba3 Qe6 21. b3 Qc6
22. Bb2 Ne6 23. f3 g5 24. hxg5 Nxg5 25. Nb4 Qe6 26. Nd5 Nxd5 27. Rxd5 f5 28.
Bc1 fxe4 29. fxe4 Qg6 30. Bxg5 Qxg5 31. Nf3 Qg6 32. Qc4 Kh8 33. Qe2 Bf6 34. Rd3
Rg8 35. Qf2 h4 36. Nd2 Rg7 37. Rh1 Rh7 38. Rh3 Rg8 39. Kh2 hxg3+ 40. Rdxg3
Rxh3+ 41. Kxh3 Qh5+ 42. Kg2 Rxg3+ 43. Qxg3 Qe2+ 44. Qf2 Qg4+ 45. Kh1 Qd1+ 46.
Nf1 Qh5+ 47. Nh2 Qd1+ 48. Kg2 Qd6 49. Qxa7 Qd2+ 50. Qf2 Qg5+ 51. Kh1 Qc1+ 52.
Nf1 Qh6+ 53. Qh2 Qxh2+ 54. Kxh2  1-0

[Event " PANAMERICANO SUB20 Femenino "COLOMBIA 2016" Guatapé (Antioquia) Junio 19 al 2"]
[Site "Guatape-Colombia"]
[Date "2016.06.24"]
[Round "7"]
[Board "1"]
[White "Fuentes Godoy, Lilia Ivonne"]
[Black "Brizzi, Milagros Tatiana"]
[Result "1/2-1/2"]
[WhiteElo "2094"]
[BlackElo "1990"]
[PlyCount "0"]
[EventDate "2016.06.20"]
[EventRounds "9"]
[EventCountry "COL"]

1. d4 d5 2. c4 c6 3. e3 Nf6 4. Nf3 e6 5. Nbd2 Bd6 6. Bd3 Nbd7 7. O-O O-O 8. e4
dxe4 9. Nxe4 Nxe4 10. Bxe4 e5 11. dxe5 Nxe5 12. Nxe5 Bxe5 13. Bxh7+ Kxh7 14.
Qh5+ Kg8 15. Qxe5 Qd3 16. b3 Bf5 17. Be3 b6 18. Rad1 Qe4 19. Qxe4 Bxe4 20. f3
Bf5 21. Rd6 Rfe8 22. Kf2 Re6 23. Rxe6 Bxe6 24. Rd1 Kf8 25. c5 Bd5 26. b4 b5 27.
a3 a5 28. Bd2 axb4 29. axb4 Ra2 30. Ke3 g5 31. Re1 f5 32. Re2 Bc4 33. Rf2 Kf7
34. Kd4 Ke6 35. g3 Ra3 36. Bc3 f4 37. gxf4 gxf4 38. Rg2 Kf5 39. h4 Ra7 40. Rg5+
Ke6 41. Rg6+ Kf5 42. Rg5+ Ke6 43. Re5+ Kf6 44. Ke4 Ra3 45. Rf5+ Kg6 46. Rg5+
Kh7 47. Be5 Bd5+ 48. Kf5 Bxf3 49. Kxf4 Be2 50. Kf5 Rf3+ 51. Ke6 Rh3 52. Bg3 Bf3
53. Kd6 Kh6 54. Bf4 Kh7 55. Bg3 Kh6 56. Bf4 Kh7 57. h5 Rh4 58. Rf5 Be4 59. Rf7+
Kg8 60. Ke7 Rxh5 61. Rf8+ Kg7 62. Rf7+ Kg8  1/2-1/2

[Event " PANAMERICANO SUB20 Femenino "COLOMBIA 2016" Guatapé (Antioquia) Junio 19 al 2"]
[Site "Guatape-Colombia"]
[Date "2016.06.24"]
[Round "7"]
[Board "2"]
[White "Monroy G., Nataly A."]
[Black "Argote Heredia, Valentina"]
[Result "1/2-1/2"]
[WhiteElo "1999"]
[BlackElo "2039"]
[PlyCount "0"]
[EventDate "2016.06.20"]
[EventRounds "9"]
[EventCountry "COL"]

1. Nf3 Nf6 2. c4 e6 3. g3 b6 4. Bg2 Bb7 5. O-O Be7 6. Nc3 O-O 7. Qc2 Bb4 8. b3
d5 9. cxd5 Bxc3 10. dxc3 exd5 11. Rd1 Qe7 12. Bg5 Re8 13. e3 h6 14. Bxf6 Qxf6
15. Nd4 Na6 16. c4 c6 17. cxd5 cxd5 18. Rac1 g6 19. a3 Rac8 20. Qd2 Nc5 21. b4
Ne4 22. Qe1 Qe7 23. Rxc8 Rxc8 24. Rc1 Rc4 25. Bf1 Rc7 26. Bg2 Nd6 27. Rxc7 Qxc7
28. h3 Qc4 29. Qd2 Qa6 30. Qc3 Nc4 31. Nc2 Qa4 32. e4 Qd7 33. Qd4 Qa4 34. Qc3
Qd7 35. Kh2 b5 36. Qd4 Nb6 37. exd5 Bxd5 38. Bxd5 Qxd5  1/2-1/2

[Event " PANAMERICANO SUB20 Femenino "COLOMBIA 2016" Guatapé (Antioquia) Junio 19 al 2"]
[Site "Guatape-Colombia"]
[Date "2016.06.24"]
[Round "7"]
[Board "3"]
[White "Roca Rojas, Ana Flavia"]
[Black "Salcedo, Jackeline"]
[Result "1-0"]
[WhiteElo "2177"]
[BlackElo "1995"]
[PlyCount "0"]
[EventDate "2016.06.20"]
[EventRounds "9"]
[EventCountry "COL"]

1. e4 c5 2. Nf3 e6 3. d4 cxd4 4. Nxd4 Nf6 5. Nc3 Bb4 6. Ndb5 a6 7. Nd6+ Ke7 8.
e5 Nd5 9. Qh5 Qf8 10. Bd2 Bxc3 11. bxc3 Nc6 12. Bc4 f6 13. Bxd5 exd5 14. f4 g6
15. Qe2 Kd8 16. O-O Kc7 17. c4 dxc4 18. Qxc4 Qe7 19. Bc3 Kb8 20. Rad1 f5 21.
Rb1 Rf8 22. Rb3 Ra7 23. Bd2 b5 24. a4 Nxe5 25. fxe5 Rc7 26. Qd4 Rxc2 27. axb5
Ka8 28. Be3 Rc7 29. Qd5+ Bb7 30. Nxb7  1-0

[Event " PANAMERICANO SUB20 Femenino "COLOMBIA 2016" Guatapé (Antioquia) Junio 19 al 2"]
[Site "Guatape-Colombia"]
[Date "2016.06.24"]
[Round "7"]
[Board "4"]
[White "Cosme Contreras, Trilce"]
[Black "Loaiza, Yurani"]
[Result "1/2-1/2"]
[WhiteElo "1768"]
[BlackElo "1962"]
[PlyCount "0"]
[EventDate "2016.06.20"]
[EventRounds "9"]
[EventCountry "COL"]

1. c4 e6 2. Nf3 d5 3. e3 Nf6 4. b3 Bd6 5. Bb2 O-O 6. Qc2 c6 7. d4 Nbd7 8. Bd3
Re8 9. Nbd2 c5 10. O-O b6 11. e4 cxd4 12. Nxd4 Bb7 13. N4f3 dxe4 14. Nxe4 Nxe4
15. Bxe4 Bxe4 16. Qxe4 Nf6 17. Qh4 Qe7 18. Rad1 Bc5 19. Ng5 h6 20. Ne4 Nxe4 21.
Qxe4 Red8 22. Qg4 f6 23. g3 Qf7 24. Rxd8+ Rxd8 25. Rd1 Rxd1+ 26. Qxd1 Qg6 27.
a3 Qf5 28. Qd2 Be7 29. b4 Qb1+ 30. Qc1 Qxc1+ 31. Bxc1 a5 32. bxa5 bxa5 33. a4
Bb4 34. Kf1 Kf8 35. Ke2 Ke7 36. Be3 Kd6 37. Bb6 e5 38. f3 Kc6 39. c5 f5 40. g4
g6 41. h3 fxg4 42. fxg4 g5 43. Bd8 Kxc5 44. Bf6 Kd5 45. Bg7 Ke6 46. Ke3 Bc5+
47. Ke4 Bd6 48. Bh8 Bc7 49. Bg7 Bd6 50. Bh8 Bb8 51. Bg7 Bd6  1/2-1/2

[Event " PANAMERICANO SUB20 Femenino "COLOMBIA 2016" Guatapé (Antioquia) Junio 19 al 2"]
[Site "Guatape-Colombia"]
[Date "2016.06.24"]
[Round "7"]
[Board "5"]
[White "Varela, Maria De Los Angeles"]
[Black "Rosales Murillo, Cristina"]
[Result "1-0"]
[WhiteElo "1602"]
[BlackElo "1747"]
[PlyCount "0"]
[EventDate "2016.06.20"]
[EventRounds "9"]
[EventCountry "COL"]

1. e4 c5 2. c3 e5 3. Nf3 Nc6 4. d4 cxd4 5. cxd4 exd4 6. Nxd4 Bc5 7. Nf5 Qb6 8.
Nd6+ Kf8 9. Qd2 Nf6 10. Nc4 Qc7 11. Nc3 Ng4 12. Nd5 Qd8 13. b4 Bxf2+ 14. Kd1
Bd4 15. Rb1 Nf2+ 16. Kc2 Qh4 17. Bd3 b5 18. g3 Qg4 19. Nce3 Bxe3 20. Nxe3 Nd4+
21. Kb2 Nxd3+ 22. Qxd3 Qe2+ 23. Qxe2 Nxe2 24. Rd1 Nxc1 25. Rbxc1 g6 26. Rc5 a6
27. Rd6 Kg7 28. Nd5 Rd8 29. Kc3 Bb7 30. Kd4 Bxd5 31. Rcxd5 Ra7 32. Kc5 Rc7+ 33.
Kb6 Rc4 34. Rd4 Rc2 35. Rd2 Rc4 36. R6d4 Rc6+ 37. Kb7 Re6 38. Re2 d5 39. Kc7
Rde8 40. Rxd5 Rxe4 41. Rb2 Rc4+ 42. Rc5 Rce4 43. Kb6 R8e6+ 44. Kb7 Re3 45. Rc7
Rd3 46. Rf2 Rf6 47. Rxf6 Kxf6 48. Rc6+ Kg5 49. Rxa6 Rd2 50. Ra5 Rxh2 51. Rxb5+
Kg4 52. a4 Kxg3 53. a5 Re2 54. a6 h5 55. Rc5 Re4 56. a7 Rxb4+ 57. Ka6 Ra4+ 58.
Ra5 Rxa5+ 59. Kxa5 h4 60. a8=Q h3 61. Qh1 h2 62. Kb4 f5 63. Kc3 f4 64. Kd3 g5
65. Ke2 g4 66. Ke1 Kh3 67. Kf2 f3 68. Qf1+ Kh4 69. Ke3 Kg3 70. Ke4 f2 71. Ke3
Kh4 72. Qxf2+ g3 73. Qg2 Kg4 74. Ke4  1-0

[Event " PANAMERICANO SUB20 Femenino "COLOMBIA 2016" Guatapé (Antioquia) Junio 19 al 2"]
[Site "Guatape-Colombia"]
[Date "2016.06.24"]
[Round "7"]
[Board "6"]
[White "Eswaran, Ashritha"]
[Black "Gomez Barrera, Javiera Belen"]
[Result "1-0"]
[WhiteElo "2261"]
[BlackElo "1959"]
[PlyCount "0"]
[EventDate "2016.06.20"]
[EventRounds "9"]
[EventCountry "COL"]

1. e4 c5 2. Nf3 d6 3. d4 cxd4 4. Nxd4 Nf6 5. Nc3 Nc6 6. Bg5 e5 7. Ndb5 a6 8.
Na3 b5 9. Nd5 Be7 10. Bxf6 Bxf6 11. c4 b4 12. Nc2 a5 13. b3 O-O 14. g3 g6 15.
h4 h5 16. Bh3 Bxh3 17. Rxh3 Bg7 18. Kf1 Qd7 19. Kg2 Rad8 20. Nce3 Nd4 21. a3
bxa3 22. Rxa3 Rb8 23. Rh1 Rb7 24. g4 hxg4 25. h5 gxh5 26. Rxh5 f5 27. exf5 Nxf5
28. Nxf5 Rxf5 29. Ne7+ Qxe7 30. Rxf5 Ra7 31. Qd5+ Kh7 32. Ra1 Kg6 33. Qe4 Qb7
34. Rf4+ Qxe4+ 35. Rxe4 Kf5 36. Re2 Rb7 37. Re3 Bh6 38. Rd3 Bf4 39. Rh1 Ke4 40.
Rxd6 Rxb3 41. c5 Rc3 42. c6 Rc2 43. Re1+ Kf5 44. Kf1 e4 45. Rd5+ Be5 46. Ra1
Rxc6 47. Raxa5 Re6 48. Ke2 Kf4 49. Rab5 Re7 50. Rb3 Re6 51. Rd8 Ra6 52. Rf8+
Rf6 53. Rg8 Kf5 54. Rb5 Kf4 55. Rb7 Rf5 56. Rb6 Rf6 57. Rb1 Ra6 58. Rf8+ Rf6
59. Re8 Rf5 60. Rb4 Rf6 61. Rc8 Re6 62. Rb7 Kf5 63. Rg8 Rg6 64. Rf7+ Bf6 65.
Rgf8 Ke5 66. Re8+ Kf4 67. Rff8 Rh6 68. Re6 Kf5 69. Ra6 Rg6 70. Ra5+ Kf4 71. Rb5
Rh6 72. Rb6 Kf5 73. Ra8 Kf4 74. Raa6 Kf5 75. Ra4 Rh2 76. Ra5+ Kg6 77. Raa6 g3
78. Rxf6+ Kh7 79. Ra7+  1-0

[Event " PANAMERICANO SUB20 Femenino "COLOMBIA 2016" Guatapé (Antioquia) Junio 19 al 2"]
[Site "Guatape-Colombia"]
[Date "2016.06.24"]
[Round "7"]
[Board "7"]
[White "Toro Castaneda, Elizabeht"]
[Black "Cespedes Galindo, Estefania"]
[Result "0-1"]
[WhiteElo "1792"]
[BlackElo "1713"]
[PlyCount "0"]
[EventDate "2016.06.20"]
[EventRounds "9"]
[EventCountry "COL"]

1. e4 c5 2. Nf3 e6 3. d4 cxd4 4. Nxd4 a6 5. Nc3 b5 6. g3 Qb6 7. Bg2 Bc5 8. Be3
Nc6 9. Nce2 Bb7 10. O-O Ne5 11. b4 Bxb4 12. Nf5 Qc7 13. Nxg7+ Kf8 14. Nh5 Rc8
15. c3 Be7 16. Bd4 Nf6 17. f4 Neg4 18. h3 Nxh5 19. hxg4 Ng7 20. Kh2 h5 21. g5
h4 22. Kg1 hxg3 23. Nxg3 Bc5 24. Qf3 Bxd4+ 25. cxd4 Qc3 26. Qf2 Rc4 27. Rfd1
Qc2 28. Rd2 Qa4 29. d5 exd5 30. Qb6 Qb4 31. Rad1 Qc5+ 32. Qxc5+ Rxc5 33. exd5
Rh4 34. Rf1 Rg4 35. Kh2 Rc3 36. Ne2 Rh4+ 37. Kg1 Re3 38. Kf2 Nf5 39. Rc1 Re7
40. d6 Nxd6 41. Rxd6 Rh2 42. Nd4 Rxg2+ 43. Kf1 Rxa2 44. Rc7 Bg2+ 45. Kg1 Re1+
46. Kh2 Be4+ 47. Kh3 Rh1+ 48. Kg3 Rg2#  0-1

[Event " PANAMERICANO SUB20 Femenino "COLOMBIA 2016" Guatapé (Antioquia) Junio 19 al 2"]
[Site "Guatape-Colombia"]
[Date "2016.06.24"]
[Round "7"]
[Board "8"]
[White "Norena Yepez, Vanessa"]
[Black "Velez Alvarez, Laura Camila"]
[Result "1/2-1/2"]
[WhiteElo "1567"]
[BlackElo "1876"]
[PlyCount "0"]
[EventDate "2016.06.20"]
[EventRounds "9"]
[EventCountry "COL"]

1. d4 Nf6 2. c4 g6 3. Nc3 Bg7 4. e4 d6 5. f3 O-O 6. Be3 Nbd7 7. Bd3 c6 8. Nge2
e5 9. d5 c5 10. Qd2 a6 11. a4 Rb8 12. O-O Re8 13. Rfb1 a5 14. Nb5 Nf8 15. Bg5
Qd7 16. Qxa5 b6 17. Qd2 Nh5 18. a5 f5 19. Bh6 fxe4 20. Bxg7 Kxg7 21. Bxe4 Ba6
22. axb6 Bxb5 23. Ra7 Rb7 24. Rba1 Reb8 25. b3 Bxc4 26. bxc4 Qd8 27. Qb2 Nd7
28. R1a6 Nhf6 29. Bc2 Rxa7 30. Rxa7 Rxb6 31. Qa1 Qb8 32. Nc3 Rb7 33. Rxb7 Qxb7
34. Nb5 Ne8 35. Bd3 Qb6 36. Qa8 Ndf6 37. Qc6 Qd8 38. h3 Qe7  1/2-1/2

[Event " PANAMERICANO SUB20 Femenino "COLOMBIA 2016" Guatapé (Antioquia) Junio 19 al 2"]
[Site "Guatape-Colombia"]
[Date "2016.06.24"]
[Round "7"]
[Board "10"]
[White "Henao Garcia, Estefania"]
[Black "Velasquez, Angie Gabriela"]
[Result "0-1"]
[WhiteElo "1349"]
[BlackElo "1736"]
[PlyCount "60"]
[EventDate "2016.06.20"]
[EventRounds "9"]
[EventCountry "COL"]

1. e4 c5 2. Nf3 e6 3. Nc3 a6 4. d4 cxd4 5. Nxd4 Qc7 6. Bd3 Nc6 7. Be3 Nf6 8.
O-O b5 9. a3 Bb7 10. Nf3 Be7 11. Qd2 O-O 12. Rad1 Rfd8 13. Be2 Rac8 14. Rfe1 d5
15. exd5 Nxd5 16. Nxd5 Rxd5 17. Qc1 Na5 18. Rxd5 Bxd5 19. c3 Nc4 20. Bf4 Qb7
21. Bd1 a5 22. Qc2 f6 23. a4 bxa4 24. Qxa4 Nxb2 25. Qxa5 e5 26. Be3 Nxd1 27.
Rxd1 Bxf3 28. gxf3 Qxf3 29. Rd7 Qg4+ 30. Kf1 Qxd7  0-1

[Event " PANAMERICANO SUB20 Femenino "COLOMBIA 2016" Guatapé (Antioquia) Junio 19 al 2"]
[Site "Guatape-Colombia"]
[Date "2016.06.24"]
[Round "8"]
[Board "1"]
[White "Argote Heredia, Valentina"]
[Black "Roca Rojas, Ana Flavia"]
[Result "1-0"]
[WhiteElo "2039"]
[BlackElo "2177"]
[PlyCount "0"]
[EventDate "2016.06.20"]
[EventRounds "9"]
[EventCountry "COL"]

1. e4 c5 2. Nf3 d6 3. d4 cxd4 4. Nxd4 Nf6 5. Nc3 a6 6. Be2 e6 7. O-O Be7 8. Be3
O-O 9. f4 Qc7 10. Kh1 Nc6 11. Qe1 Nxd4 12. Bxd4 b5 13. Qg3 g6 14. a3 Bb7 15.
Bd3 Bc6 16. Rae1 Rab8 17. e5 Nh5 18. Qf2 a5 19. Ne4 Bxe4 20. Bxe4 f5 21. exf6
Bxf6 22. g3 Ng7 23. Bxf6 Rxf6 24. Qd4 Rbf8 25. Qd3 Qb6 26. c3 d5 27. Bg2 Qc5
28. Bh3 Qc4 29. Qe3 Qc6 30. Qd4 Nf5 31. Bxf5 Rxf5 32. Kg1 R5f6 33. Re5 Rf5 34.
Rfe1 Rxe5 35. Qxe5 Kf7 36. Qd4 Rc8 37. Kf2 Qc5 38. Rd1 Qxd4+ 39. Rxd4 Kf6 40.
Kf3 h6 41. h4 Rd8 42. a4 Rb8 43. axb5 Rxb5 44. b4 axb4 45. cxb4 Rb8 46. g4 Ke7
47. Ke3 Kd6 48. h5 gxh5 49. gxh5 Rg8 50. Rd3 e5 51. fxe5+ Kxe5 52. Kf3 Rb8 53.
Re3+ Kf5 54. Rd3 Rb5 55. Kg3 Kg5 56. Rd4 Kxh5 57. Kf4 Kg6 58. Ke5 h5 59. Kd6
Rb8 60. Kc7 Ra8 61. b5 Ra1 62. b6 Rc1+ 63. Kd6 Rb1 64. Kc5 Rc1+ 65. Kb5 Rc8 66.
Rxd5 h4 67. b7 Rh8 68. Rc5 h3 69. Rc6+ Kf7 70. Rc8 Rh5+ 71. Kb4 h2 72. b8=Q
h1=Q 73. Qf4+ Ke6 74. Re8+ Kd5 75. Qd2+ Kc6 76. Re6+ Kc7 77. Qd6+ Kc8 78. Re8+
Kb7 79. Re7+  1-0